00402nam a22001337a 4500999001900000040000800019082001400027100002700041245006500068250000800133300000900141942001200150952010600162 c533574d533574 cdlc a808.06665 aStella Cottrell927522 aPalgrave Study Skills : The Study Skills Handbook - 3rd edi a2nd a351p 2ddccBK 00102ddc4070aNITbNITd2020-01-13l1o808.06665pNIT-9187r2022-06-16s2021-07-01w2020-01-13yBK